| 000 | 00388nam a2200145 4500 | ||
|---|---|---|---|
| 003 | OSt | ||
| 005 | 20230914122829.0 | ||
| 008 | 230914b |||||||| |||| 00| 0 eng d | ||
| 020 | _a9789355854513 | ||
| 040 | _cCOMPLIMENTARY | ||
| 082 |
_2I _a530.41 _b530.41/VHA |
||
| 245 |
_aBASIC SCIENCE PHYSICS _cVHANKHANDE BALASAHEB |
||
| 260 |
_aPUNE _bTECHNICAL PUBLICATION _c2023 |
||
| 942 |
_2ddc _n0 _cBK |
||
| 999 |
_c35960 _d35960 |
||